| 000 | 00640nam a2200205 i 4500 | ||
|---|---|---|---|
| 001 | 184624 | ||
| 003 | ES-MaACL | ||
| 005 | 20250830063112.0 | ||
| 007 | t| | ||
| 008 | 151027s1941 sp ||||1| spa d | ||
| 100 | 1 |
_aGiménez Soler, Andrés, _d1869-1938 _966618 |
|
| 245 | 1 | 0 |
_aFernando el Católico / _cpor A. Jiménez Soler. |
| 260 |
_aBarcelona : _bLabor, _c1941. |
||
| 300 |
_a227 p., 8 h. de lám. ; _c21 cm. |
||
| 490 | 1 |
_aPro Ecclesia et Patria ; _v19 |
|
| 600 | 0 | 4 |
_aFernando _bV _cRey de España. _950204 |
| 830 | 0 |
_aPro Ecclesia et Patria ; _v19 _9192192 |
|
| 852 |
_aES-MaACL _jC-29152 |
||
| 999 |
_c184624 _d184624 |
||